1977 1950 1941 1606 1896 1895 1976 1105 1809 1817 1788 1761 1261 1567 1955 1237 1306 1393 1788 1637 1210 1187 1162 1749 1716 1739 1788 1858 1323 1559 1147 1209 1982 1700 1602 1452 1868 1998 1933 1000 1312 1153 1237 1148 1436 1839 1503 1036 1650 1253 1072 1063 1345 1971 1808 1927 1710 1218 1091 1508 1074 1110 1394 1061 1884 1295 1019 1897 1420 1643 1839 1346 1650 1495 1933 1268 1350 1584 1525 1789 1959 1364 1443 1344 1128 1089 1557 1515 1001 1949 1013 1941 1594 1109 1168 1527 1983 1106 1152 BCNSPRNW ULIB Ver.6.0+V

เปลี่ยนเป็นภาษาไทย

Change to English
 แสดงรายละเอียดบรรณานุกรม
  กลับหน้าหลัก

Brief Record : Get Marc (ISO 2709) : E-mail record : QR code < ปิดหน้าต่าง
LEADER : 00000nam 2200000uu 4500
001    13399126193
003     ULIB
008    180715s2007||||th 000 0 tha d
020    ^a9780521544627
050 00 ^aPE1128^bC172^cV.4
245 10 ^aCambridge practice tests for IELTS 4
260    ^aCambridge :^bCambridge University Press,^c2007
300    ^a176 p.:^bill. ;^c25 cm.
650 00 ^aInternational English Language Testing System.
650 00 ^aEnglish language^xExaminations, questions, etc.
650 00 ^aEnglish language^xTextbooks for foreign speakers
945    ^p0^l0^i26411
999    ^aกัณชพร จุลอักษร
รายการนี้ยังไม่มีแท็ก
คุณยังไม่ได้ล็อกอิน คุณสามารถมีกิจกรรมร่วมกับเว็บไซต์ได้ แต่ต้องล็อกอินก่อน ::
  ล็อกอิน

รายการสื่อสารสนเทศ

ลำดับที่ ประเภท เลขเรียก/บาร์โค้ด สถานที่ สถานะ
1. วิทยาศาสตร์การแพทย์ และสุขภาพ
วิทยาศาสตร์การแพทย์ และสุขภาพ
PE1128 C172 V.4 ฉ.1 
  Barcode: 26411
ห้องสมุดวิทยาเขตนครสวรรค์
►หนังสือทั่วไป:l:General Books
บนชั้น

รายการใกล้เคียง
    ชื่อเรื่อง [Cambridge practice tests for IELTS 4]

    หัวเรื่อง [International English Language Testing System.]

BibComment


ยังไม่เคยถูกคอมเมนท์

คอมเมนท์ทรัพยากรรายการนี้
  คอมเมนท์: Cambridge practi..


 Copyright 2026. Bcnsprnw @Library